000 02945nam0a2200409 i 4500
001 RU\NLR\BIBL_A\010776222
005 20260405111034.0
010 _a9785710330593
_9270
021 _aRU
_b2015-32894
_91948
035 _a(NILC)RuMoRGB-007922372
035 _a(NLR Aleph) 010776222
090 _a10044721
_c10044721
100 _a20150605d2015 k y0rusy50 ca
101 0 _arus
_deng
102 _aRU
105 _aac z 110yy
200 1 _aМеханизмы и закономерности индивидуального развития человека и животных
_eматериалы международной научно-практической конференции, посвященной 75-летию заслуженного деятеля науки Российской Федерации доктора биологических наук профессора Тельцова Леонида Петровича, Саранск, 12-13 октября 2012 г.
_f[редкол.: Романова Т. А. и др.]
210 _aСаранск
_cИзд-во Мордовского университета
_d2015
215 _a359, [1] с.
_cил., портр.
_d20
300 _aВ надзаг.: М-во образования и науки Рос. Федерации, Федер. гос. бюджет. образоват. учреждение высш. проф. образования "Мордовский гос. ун-т им. Н. П. Огарева", Мордовское отд-ние Рос. о-ва анатомов, гистологов, эмбриологов
300 _aРез. ст. на англ. яз.
320 _aБиблиогр. в конце ст.
600 1 _aТельцов
_bЛ.П.
_f1937
_gЛеонид Петрович
_92523410
_3RU\NLR\AUTH\661495146
606 _aЖивотные
_jСъезды, совещания и т.п
_xОнтогенез
_9906579
_3RU\NLR\AUTH\6610625
606 1 _aВетеринария
_jСъезды, совещания и т.п
_9939599
_3RU\NLR\AUTH\6628749
686 1 _aЕ63я431(0)
686 1 _aП8д(2)Тельцов
686 1 _aП8я431(0)
702 1 _4340
_7ca
_8rus
_aРоманова
_bТ. А.
_cканд. биол. наук, ветеринария
_gТатьяна Алексеевна
_925048
_3RU\NLR\AUTH\7742101
702 1 _4570
_aТельцов
_bЛ. П.
_f1937-
_gЛеонид Петрович
_9143293
_3RU\NLR\AUTH\770143329
711 1 2 _a"Механизмы и закономерности индивидуального развития человека и животных", международная научно-практическая конференция
_eСаранск
_f2012
_9471947
_3RU\NLR\AUTH\880402498
801 0 _aRU
_bРГБ
_c20150429
_gRCR
801 1 _aRU
_bРГБ
_c20150429
_2rusmarc
942 _cBOOK
980 _aNBR